| 000 | 00504nam a22001937a 4500 | ||
|---|---|---|---|
| 005 | 20240722114750.0 | ||
| 008 | 240722b |||||||| |||| 00| 0 eng d | ||
| 020 | _a9788131731444 | ||
| 082 |
_a612 _bSRI-M |
||
| 100 | _aSriram D. | ||
| 245 |
_aMedicinal Chemistry / _cSriram D, Yogeeswari P |
||
| 250 | _a2nd ed. | ||
| 260 |
_aindia: _bPearson ; _c2010 |
||
| 300 |
_axi,687p. _bill; _c24 cm. |
||
| 500 | _ainclude index . | ||
| 650 | _aMedical / Chemistry | ||
| 700 | _aYogeeswari P | ||
| 999 |
_c36166 _d36166 |
||